000 00542nam a2200193 i 4500
001 bgj
100 1 _aWOOLF, Virginia
_d(1882-1941).
245 1 0 _aMonday or Tuesday :
_beight stories /
_cVirginia Woolf.
260 _aMineola, NY :
_bDover Publications, Inc.,
_c1997.
300 _aV, 54 pp ;
_c21 cm.
651 9 _aEngland
_xSocial life and customs
_y20th century
655 _aFiction
020 _a0486294536
040 _cBPK
041 0 _aeng
920 _a0-486-29453-6
942 _cKS
008 s uk f |000 0 eng
999 _c49117
_d49117
856 _uhttp://koha.tu.koszalin.pl/cgi-bin/koha/opac-detail.pl?biblionumber=49117
_yKatalog online BPK